000 00953nam a2200217 a 4500
008 060316s1999 ||||||||||||||||| || u
020 _a0750640561
050 _aTK 4255
100 _aScaddan, Brian
245 1 0 _aIEE 16th edition wiring regulations : design and verification of electrical installations
250 _a2nd ed.
260 _aOxford ;Boston :
_bNewnes
_c1999
300 _a101 pages : illustrations
350 _a0.00
500 _aIncludes index.
650 _aELECTRIC WIRING, INTERIOR
650 _aBUILDINGS--ELECTRIC EQUIPMENT
710 _aInstitution of Electrical Engineers
995 _aMAIN LIBRARY OPEN ACCESS
_D0.00
_e735764
_FCBU-MAIN LIBRARY (Kitwe)
_H1
_I0.00
_jTK 4255 SCA
_M2
_UAVAILABLE
_WMar 26, 2008
_y48623
_ZMain Library Open Access Collection
995 _aMAIN LIBRARY OPEN ACCESS
_D0.00
_e731896
_FCBU-MAIN LIBRARY (Kitwe)
_H1
_I0.00
_jTK 4255 SCA
_M1
_UAVAILABLE
_WMay 16, 2007
_y029123
_ZMain Library Open Access Collection
999 _c76289
_d76289